| 000 | 00704na a2200229 4500 | ||
|---|---|---|---|
| 001 | 17425 | ||
| 003 | MIRAKIL | ||
| 005 | 20181213155057.0 | ||
| 008 | 161210b tu 000 0 | ||
| 040 |
_aMilas _btur _cTR-AnCHP |
||
| 041 | _atur | ||
| 082 |
_a370.7209561 _bK79 2000 |
||
| 090 | _a370.7209561 K79 2000 | ||
| 245 |
_aKöy Enstitüleri _bDünyaya örnek bir eğitim uygulaması _cHazırlayanlar Talip Apaydın ... [ve öte.] |
||
| 260 |
_aİstanbul _bTÜSES Yayınları _c2000 |
||
| 300 |
_a141, [18] s. _bfotg. _c21 sm |
||
| 490 |
_aTÜSES yayınları _v2000/2 |
||
| 650 |
_aKırsal eğitim _xTarih _zTürkiye |
||
| 650 | _aKöy enstitüleri | ||
| 700 | _aApaydın, Talip | ||
| 942 |
_2ddc _cBKS |
||
| 999 |
_c6126 _d6126 |
||